|
|
|
|
| LEADER |
00000nab a2200000uu 4500 |
| 001 |
vtls011491644 |
| 003 |
SK-MaSNL |
| 005 |
20260303105132.0 |
| 008 |
230121|1962 xo |||||||||||||||||slo| |
| 015 |
|
|
|a SNBRB
|
| 035 |
|
|
|a (urnnbn)urn:nbn:sk:snk:ar-007ma1
|
| 035 |
|
|
|a (uuid)0f74ecbb-9579-4d15-b3f1-09aaa68ab2e5
|
| 035 |
|
|
|a urn:nbn:sk:snk-abdgkf
|
| 040 |
|
|
|a SNKBUCL
|b slo
|c SNKBUCL
|e AACR2
|
| 041 |
0 |
|
|a slo
|
| 044 |
|
|
|a xo
|c SK
|
| 100 |
1 |
|
|a Zvara, Vladimír,
|d 1924-2012
|4 aut
|9 190008
|
| 245 |
1 |
0 |
|a MOŽNOSTI PREVENCIE CHORÔB UROGENITÁLNEHO SYSTÉMU U DETÍ
|c V. Zvara
|
| 773 |
0 |
|
|t Lekársky obzor : odborný časopis Slovenskej zdravotníckej univerzity v Bratislave
|g Roč. 11, č. 11 (1962), s. 641-646
|
| 954 |
|
|
|a odborná, vedecká literatúra pôvodná (slovenská)
|2 lita
|
| 958 |
|
|
|a OND
|
| 958 |
|
|
|a EUIPO
|
| 958 |
|
|
|a article18
|
| 999 |
|
|
|c 1861321
|d 1863251
|